<?xml version="1.0" encoding="UTF-8"?>
<record
    xmlns:xsi="http://www.w3.org/2001/XMLSchema-instance"
    xsi:schemaLocation="http://www.loc.gov/MARC21/slim http://www.loc.gov/standards/marcxml/schema/MARC21slim.xsd"
    xmlns="http://www.loc.gov/MARC21/slim">

  <leader>02669nam a22002777a 4500</leader>
  <controlfield tag="005">20240305165633.0</controlfield>
  <controlfield tag="007">cr||||   |||| </controlfield>
  <controlfield tag="008">220517s2021    es |||||s|||| 00||0 spa d</controlfield>
  <datafield tag="020" ind1=" " ind2=" ">
    <subfield code="a">978-84-123917-9-4</subfield>
  </datafield>
  <datafield tag="035" ind1=" " ind2=" ">
    <subfield code="a">35649</subfield>
  </datafield>
  <datafield tag="040" ind1=" " ind2=" ">
    <subfield code="a">vLex</subfield>
  </datafield>
  <datafield tag="090" ind1=" " ind2=" ">
    <subfield code="c">13353</subfield>
    <subfield code="d">13353</subfield>
  </datafield>
  <datafield tag="100" ind1="1" ind2=" ">
    <subfield code="a">Piva Torres, Gianni Egidio</subfield>
  </datafield>
  <datafield tag="245" ind1="1" ind2="0">
    <subfield code="a">Teor&#xED;a de la antijuridicidad y las causas de justificaci&#xF3;n</subfield>
    <subfield code="h">[Recurso electr&#xF3;nico] /</subfield>
    <subfield code="c">Gianni Egidio Piva Torres, Jos&#xE9; Sebasti&#xE1;n Cornejo Aguiar</subfield>
  </datafield>
  <datafield tag="256" ind1=" " ind2=" ">
    <subfield code="a">Servicio en l&#xED;nea</subfield>
  </datafield>
  <datafield tag="260" ind1=" " ind2=" ">
    <subfield code="a">Barcelona:</subfield>
    <subfield code="b">J.M. Bosch Editor,</subfield>
    <subfield code="c">2021</subfield>
  </datafield>
  <datafield tag="300" ind1=" " ind2=" ">
    <subfield code="a">1 recurso electr&#xF3;nico</subfield>
  </datafield>
  <datafield tag="500" ind1=" " ind2=" ">
    <subfield code="a">Como misi&#xF3;n de vida es necesario poder escribir algo propio y que a la vez esto sea una experiencia muy personal ya que sin lugar a dudas esto no puede significar lo mismo para todos, debido a que escribir es conocer, aprender, descubrir, volar, viajar, sumergirte en un mar de sensaciones mediante cada una de las letras que se encuentran plasmadas, es por ello que en la presente ocasi&#xF3;n se pone en consideraci&#xF3;n la presente obra que comprende doce cap&#xED;tulos con temas referentes a: &#xAB;ESQUEMAS DEL DELITO &#xBB;; &#xAB;LA ANTIJURIDICIDAD&#xBB;; &#xAB;TEOR&#xCD;AS EN TORNO A LA ANTIJURIDICIDAD&#xBB;; &#xAB;LA ANTIJURIDICIDAD Y EL INJUSTO PENAL&#xBB;; &#xAB;ANTIJURIDICIDAD Y SISTEMA DE LA TEOR&#xCD;A DEL DELITO&#xBB;; &#xAB;CLASES DE ANTIJURIDICIDAD&#xBB;; &#xAB;EXCESO EN LAS CAUSAS DE EXCLUSI&#xD3;N DE LA ANTIJURIDICIDAD&#xBB;; &#xAB;CAUSAS DE EXCLUSI&#xD3;N DE LA ANTIJURIDICIDAD&#xBB;; &#xAB;LEG&#xCD;- TIMA DEFENSA&#xBB;; &#xAB;CUMPLIMIENTO DE UNA ORDEN LEG&#xCD;TIMA Y EXPRESA DE AUTORIDAD COMPETENTE&#xBB;; &#xAB;DEBER LEGAL&#xBB;; y, &#xAB;ESTADO DE NECESIDAD&#xBB;. Cap&#xED;tulos que nos permiten entender y comprender la maravilla de la dogm&#xE1;tica penal de una manera objetiva y con una estructura l&#xF3;gica, tal es as&#xED; que la preocupaci&#xF3;n en la presente obra ha sido de realizar un recuento hist&#xF3;rico, cuyo objetivo principal es dar al lector una visi&#xF3;n de la necesidad y funcionalidad de varios aspectos dogm&#xE1;ticos que permiten dar a entender como la obra se constituye en una herramienta de consulta que versa de por si en la esencia de la antijuridicidad y las causas de justificaci&#xF3;n en materia penal.</subfield>
  </datafield>
  <datafield tag="506" ind1="1" ind2=" ">
    <subfield code="a">Disponible solo en los productos indicados</subfield>
    <subfield code="d">vLex Global</subfield>
    <subfield code="d">vLex Global (Academic Edition, excluding Law Schools)</subfield>
    <subfield code="d">vLex Global (U.S. Academic Edition, Law Schools)</subfield>
    <subfield code="d">vLex Global (U.S. Academic Edition, excluding Law Schools)</subfield>
    <subfield code="d">vLex Global (Academic Edition, Law Schools)</subfield>
  </datafield>
  <datafield tag="650" ind1="0" ind2="4">
    <subfield code="a">Derecho Penal</subfield>
    <subfield code="z">Espa&#xF1;a</subfield>
  </datafield>
  <datafield tag="650" ind1="0" ind2="4">
    <subfield code="a">Procedimiento Penal</subfield>
    <subfield code="z">Espa&#xF1;a</subfield>
  </datafield>
  <datafield tag="700" ind1="1" ind2=" ">
    <subfield code="a">Cornejo Aguiar, Jos&#xE9; Sebasti&#xE1;n</subfield>
  </datafield>
  <datafield tag="740" ind1="0" ind2=" ">
    <subfield code="a">vLex Libros (Servicio en l&#xED;nea)</subfield>
  </datafield>
  <datafield tag="856" ind1="4" ind2="0">
    <subfield code="u">https://app.vlex.com/#/sources/35649</subfield>
  </datafield>
  <datafield tag="942" ind1=" " ind2=" ">
    <subfield code="c">RAA</subfield>
  </datafield>
  <datafield tag="952" ind1=" " ind2=" ">
    <subfield code="0">0</subfield>
    <subfield code="1">0</subfield>
    <subfield code="4">0</subfield>
    <subfield code="7">0</subfield>
    <subfield code="8">VLEX</subfield>
    <subfield code="9">329510</subfield>
    <subfield code="a">BD-UIN</subfield>
    <subfield code="b">BD-UIN</subfield>
    <subfield code="d">2024-03-05</subfield>
    <subfield code="l">0</subfield>
    <subfield code="p">35649</subfield>
    <subfield code="r">2024-03-05</subfield>
    <subfield code="w">2024-03-05</subfield>
    <subfield code="y">RAA</subfield>
  </datafield>
  <datafield tag="999" ind1=" " ind2=" ">
    <subfield code="c">171589</subfield>
    <subfield code="d">171589</subfield>
  </datafield>
</record>
